000 00941cam a2200241 a 4500
001 000006029
005 20200929151906.0
008 800325s1977 cr b 001 0 spa
040 _aDO-SdBNP
_bspa
_cDLC
_dDLC
_dBNPHU
082 _a972.81
_bL181p
100 1 _aLaguardia, García.
_q(Jorge Mario García Laguardia).
_916999
245 1 3 _aEl Pensamiento liberal de Guatemala :
_bantología /
_cGarcía Laguardia.
260 _aSan José, Costa Rica :
_bUniversitaria Centroamericana,
_c1977.
300 _a362 p. ;
_c17 cm.
490 1 _aRueda del tiempo
504 _aIncluye referencias bibliográficas.
651 4 _aGuatemala
_xCondiciones Económicas
_xAntología Literaria
_917000
651 4 _aGuatemala
_xPolítica Y Gobierno
_y1821-1945.
_xAntología Literaria
_917001
650 4 _aLiberalismo
_zGuatemala
_xAntología literaria
_917002
830 0 _aRueda del tiempo.
_917003
910 _aCatalogación por copia / LC
049 _aBNGR
999 _c5825
_d5825